000 00637nam a22002177a 4500
003 AM-YEHGA
005 20250617164136.0
008 211022b ||||| |||| 00| 0 rus d
040 _aAM-YeHGA
041 0 _arus
100 1 _aСоловьев, Георгий Иванович.
245 1 0 _aОтец :
_bРоман /
_cГ. Соловьев
250 _a2-е изд
260 _aСаратов :
_bКн. изд-во,
_c1962
300 _a475 с.,
_bил.
653 0 _aРабочий класс в СССР (х. л.)
653 0 _aСемья в СССР (х. л.)
942 _2udc
_cBK
001 1798067
090 _c522258
999 _c518699
_d518699